000 00792nam a22002177a 4500
999 _c2904
_d2904
003 AR-CdUCM
008 190305b ||||| |||| 00| 0 spa d
040 _aMUNICIPALIDAD PROVINCIAL DEL CUSCO
_cBIBLIOTECA MUNICIPAL DEL CUSCO
082 _a301 /
_bS74
100 _aSpencer, Herbert
_99994
245 _aLas inducciones de la sociología y las instituciones domésticas /
260 _aMadrid :
_bLa España Moderna,
300 _a422 paginas ;
_c23 cm.
505 _aLa sociedad es un organismo -- Crecimiento social -- Estructura social -- Funciones sociales -- Aparatos de órganos -- Aparatos productor ...
650 _aSociología
_9276
650 _aSociedad
_953
650 _aTipos sociales
_92890
650 _aRelaciones sociales
_92706
942 _2ddc
_cLIBROS
945 _aacv